|
|
|
|
| LEADER |
00000nam a2200000 a 4500 |
| 001 |
vtls009847760 |
| 003 |
SK-MaSNL |
| 005 |
20260426015022.0 |
| 008 |
240315s2009 xo ol f 010 0bslo |
| 015 |
|
|
|a SNBA2009/12-06323
|
| 020 |
|
|
|a 9788080837174
|q (brož.)
|
| 035 |
|
|
|a (SVKBBclas03)vtls000314492
|
| 035 |
|
|
|a urn:nbn:sk:snk-aml4vc
|
| 035 |
|
|
|a urn:nbn:sk:snk-am008w9m
|
| 035 |
|
|
|a D6334377-AD08-4B25-AB8B-C60C64D35891
|
| 040 |
|
|
|a SNK
|b slo
|c SNK
|e AACR2
|
| 041 |
0 |
|
|a slo
|b eng
|
| 043 |
|
|
|a e-xo---
|
| 044 |
|
|
|a xo
|c SK
|
| 072 |
|
7 |
|a 929
|x Biografie
|2 konspekt
|
| 072 |
|
7 |
|a 378
|x Vysoké školy
|2 konspekt
|
| 080 |
|
|
|a 929
|2 2001
|
| 080 |
|
|
|a 37.011.3-051
|2 2001
|
| 080 |
|
|
|a (437.6)
|2 2001
|
| 080 |
|
|
|a (048.8)
|2 2001
|
| 080 |
|
|
|a 378.4 (091)
|2 2001
|
| 100 |
1 |
|
|a Hroncová, Jolana,
|d 1949-
|4 aut
|9 190929
|
| 245 |
1 |
0 |
|a Osobnosti pedagogiky
|b Prof., PhDr., Ľudovít Višňovský, CSc.
|c Hroncová Jolana, Gežová Katarína
|
| 250 |
|
|
|a 1. vyd.
|
| 260 |
|
|
|a Banská Bystrica
|b Univerzita Mateja Bela
|c 2009
|
| 300 |
|
|
|a 157 s., 33 s. text. a fotogr. príl.
|b fotogr., sch.
|c 20 cm
|
| 366 |
|
|
|e 150 výt.
|
| 504 |
|
|
|a Bibliogr. s. 155-157
|
| 521 |
|
|
|a Venované prof. PhDr. Ľudovítovi Višňovskému, CSc. k 70. výročiu jeho narodenia
|
| 546 |
|
|
|a Res. angl.
|
| 600 |
1 |
7 |
|a Višňovský, Ľudovít,
|d 1939-
|2 SNKMA
|9 106819
|
| 610 |
2 |
7 |
|a Univerzita Mateja Bela v Banskej Bystrici.
|b Pedagogická fakulta
|2 SNKKA
|
| 650 |
0 |
7 |
|a pedagógovia
|2 SNKPH
|9 18561
|
| 650 |
0 |
7 |
|a Educationalists
|2 SNKPHeng
|9 281675
|
| 650 |
0 |
7 |
|a univerzity
|x dejiny
|2 SNKPH
|9 307058
|
| 650 |
0 |
7 |
|a Universities
|x history
|2 SNKPH
|9 342496
|
| 651 |
|
7 |
|a Slovensko
|2 SNKPH
|9 14231
|
| 651 |
|
7 |
|a Slovakia
|2 SNKPHeng
|9 92630
|
| 655 |
|
7 |
|a monografie
|2 SNKPH
|9 70139
|
| 655 |
|
7 |
|a Monographs
|2 SNKPHeng
|9 120675
|
| 700 |
1 |
|
|a Gežová, Katarína
|4 aut
|9 405389
|
| 710 |
2 |
|
|a Občianske združenie Pedagóg (Banská Bystrica, Slovensko)
|4 pbl
|9 177282
|
| 919 |
|
|
|a 978-80-8083-717-4
|
| 958 |
|
|
|a BX
|
| 958 |
|
|
|a OND
|
| 968 |
|
|
|d 37
|
| 999 |
|
|
|c 1174841
|d 1176771
|
| 952 |
|
|
|a SNK
|b SNK
|y PREZ
|7 0
|p 17A0638329
|o snkSC 137929
|i snk2009/20562
|8 0
|0 0
|1 0
|4 0
|d 2009-11-19
|f 1
|l 0
|r 2025-07-04 00:00:00
|w 2026-02-24
|
| 952 |
|
|
|a SNK
|b SNK
|y VYP
|7 0
|p 17A0637985
|o snkSC 137929 D1
|i snk2009/22048
|8 0
|0 0
|1 0
|4 0
|d 2009-12-09
|l 0
|r 2026-02-24 21:18:51
|w 2026-02-24
|